<?xml version="1.0" encoding="UTF-8"?>
<record
    xmlns:xsi="http://www.w3.org/2001/XMLSchema-instance"
    xsi:schemaLocation="http://www.loc.gov/MARC21/slim http://www.loc.gov/standards/marcxml/schema/MARC21slim.xsd"
    xmlns="http://www.loc.gov/MARC21/slim">

  <leader>02824nam a2200289 a 4500</leader>
  <controlfield tag="003">DO-SdBNP</controlfield>
  <controlfield tag="005">20250219114256.0</controlfield>
  <controlfield tag="007">ta</controlfield>
  <controlfield tag="008">220913e200?    dr  |||gr|||| 001 e spa d</controlfield>
  <datafield tag="040" ind1=" " ind2=" ">
    <subfield code="a">DO-SdBNP</subfield>
    <subfield code="b">spa</subfield>
    <subfield code="c">BNPHU</subfield>
  </datafield>
  <datafield tag="082" ind1=" " ind2="4">
    <subfield code="2">22</subfield>
    <subfield code="a">346.72930135 </subfield>
    <subfield code="b">R426c, 1994</subfield>
  </datafield>
  <datafield tag="110" ind1="2" ind2=" ">
    <subfield code="a">Centros  APEC de Educaci&#xF3;n a Distancia (Rep&#xFA;blica Dominicana)</subfield>
    <subfield code="9">23585</subfield>
  </datafield>
  <datafield tag="245" ind1="1" ind2="0">
    <subfield code="a">C&#xF3;digo para la protecci&#xF3;n del ni&#xF1;o, ni&#xF1;a y adolescente y normativa internacional. /</subfield>
  </datafield>
  <datafield tag="260" ind1=" " ind2=" ">
    <subfield code="a">Santo Domigo :</subfield>
    <subfield code="b">UNICEF,</subfield>
    <subfield code="c">1994</subfield>
  </datafield>
  <datafield tag="300" ind1=" " ind2=" ">
    <subfield code="a">286 p. ;</subfield>
    <subfield code="c">26 cm.</subfield>
  </datafield>
  <datafield tag="505" ind1=" " ind2=" ">
    <subfield code="a">Presentaci&#xF3;n.</subfield>
    <subfield code="g">C&#xF3;digo para la protecci&#xF3;n del ni&#xF1;o, ni&#xF1;a y adolescente.</subfield>
  </datafield>
  <datafield tag="505" ind1=" " ind2=" ">
    <subfield code="a">Libro Primero</subfield>
    <subfield code="t">T&#xED;tulo I. Principios Generales.--</subfield>
    <subfield code="t">T&#xED;tulo II. De los Derechos Fundamentales.--</subfield>
    <subfield code="t">T&#xED;tulo III.  De la Prevenci&#xF3;n.--</subfield>
    <subfield code="g">Libro Segundo.</subfield>
    <subfield code="t">T&#xED;tulo I. Disposiciones Generales.--</subfield>
    <subfield code="t">T&#xED;tulo II. De los Alimentos.-- </subfield>
    <subfield code="t">T&#xED;tulo III. De los ni&#xF1;os, ni&#xF1;as y adolescentes amenazados en su Patrimonio por quienes lo administran.--</subfield>
    <subfield code="t">T&#xED;tulo IV. De los ni&#xF1;os, ni&#xF1;as y adolescentes que presentan discapacidades f&#xED;sicas, sensoriales o mentales.--</subfield>
    <subfield code="t">T&#xED;tulo V.  De los ni&#xF1;os, ni&#xF1;as y adolescentes adictos a sustancias que producen dependencia.</subfield>
    <subfield code="g">Libro Tercero.</subfield>
    <subfield code="t">T&#xED;tulo I. De la Pol&#xED;tica de Atenci&#xF3;n.--</subfield>
    <subfield code="t">T&#xED;tulo II. De las Medidas de Protecci&#xF3;n.--</subfield>
    <subfield code="t">T&#xED;tulo III. Del Acceso al al Justicia.-- </subfield>
    <subfield code="t">T&#xED;tulo VI. De la creaci&#xF3;n de una Jurisdicci&#xF3;n Especializada de ni&#xF1;os, ni&#xF1;as y adolescentes.-- </subfield>
    <subfield code="t">T&#xED;tulo V. Del Procedimiento. </subfield>
    <subfield code="g">Libro Cuarto</subfield>
    <subfield code="t">T&#xED;tulo I. Del Organismo Rector.--</subfield>
    <subfield code="t">T&#xED;tulo II. De los Cr&#xED;menes y de las Infracciones.--</subfield>
    <subfield code="g">Reglas de las Naciones Unidas para la PROTECCI&#xD3;N DE LOS MENORES PRIVADOS DE LIBERTAD.--</subfield>
    <subfield code="t">Resoluci&#xF3;n 15/113 de la Asamblea General.--</subfield>
    <subfield code="t">Anexo: Reglas de la Asamblea General.--</subfield>
    <subfield code="g">DIRECTRICES DE RIAD. (Directrices de las Naciones Unidas para la prevenci&#xF3;n de la Delincuencia Juvenil.)
</subfield>
  </datafield>
  <datafield tag="505" ind1=" " ind2=" ">
    <subfield code="a">Convenci&#xF3;n Sobre los Derechos del Ni&#xF1;o. Aprobada por la Asamblea General de las Naciones Unidas el 30 de noviembre de 1989.</subfield>
    <subfield code="g">Introducci&#xF3;n.  Resoluci&#xF3;n 40/33 de la Asamblea General. Reglas de Beijing.</subfield>
    <subfield code="t">Primera Parte. Principios Generales.--</subfield>
    <subfield code="t">Segunda Parte. Investigaci&#xF3;n y Procedimiento.--</subfield>
    <subfield code="t">Tercera Parte. De la Sentencia y resoluci&#xF3;n.--</subfield>
    <subfield code="t">Cuarta Parte. Tratamiento fura de los establecimientos penitenciarios.--</subfield>
    <subfield code="t">Quita Parte. Tratamiento en establecimientos penitenciarios.--</subfield>
    <subfield code="t">Sexta Parte. Investigaci&#xF3;n. Planificaci&#xF3;n, formulaci&#xF3;n y evaluaci&#xF3;n de pol&#xED;ticas.--</subfield>
  </datafield>
  <datafield tag="590" ind1=" " ind2=" ">
    <subfield code="a">Inventariado 2022 / MF</subfield>
  </datafield>
  <datafield tag="650" ind1=" " ind2=" ">
    <subfield code="a">Derechos del ni&#xF1;o</subfield>
    <subfield code="z">Rep&#xFA;blica Dominicana</subfield>
    <subfield code="9">49526</subfield>
  </datafield>
  <datafield tag="650" ind1=" " ind2=" ">
    <subfield code="a">Menores</subfield>
    <subfield code="x">Legislaci&#xF3;n</subfield>
    <subfield code="z">Rep&#xFA;blica Dominicana</subfield>
    <subfield code="9">49527</subfield>
  </datafield>
  <datafield tag="650" ind1=" " ind2=" ">
    <subfield code="a">Derecho de familia</subfield>
    <subfield code="x">Legislaci&#xF3;n</subfield>
    <subfield code="9">49528</subfield>
  </datafield>
  <datafield tag="650" ind1=" " ind2=" ">
    <subfield code="a">Trabajo social con ni&#xF1;os</subfield>
    <subfield code="x">Legislaci&#xF3;n</subfield>
    <subfield code="9">17172</subfield>
  </datafield>
  <datafield tag="650" ind1=" " ind2=" ">
    <subfield code="a">Ni&#xF1;os</subfield>
    <subfield code="x">Situaci&#xF3;n legal</subfield>
    <subfield code="9">5138</subfield>
  </datafield>
  <datafield tag="910" ind1=" " ind2=" ">
    <subfield code="a">MFeliz</subfield>
  </datafield>
  <datafield tag="942" ind1=" " ind2=" ">
    <subfield code="2">ddc</subfield>
    <subfield code="c">LBS1</subfield>
  </datafield>
  <datafield tag="952" ind1=" " ind2=" ">
    <subfield code="0">0</subfield>
    <subfield code="1">0</subfield>
    <subfield code="2">ddc</subfield>
    <subfield code="5">1</subfield>
    <subfield code="7">0</subfield>
    <subfield code="8">PD</subfield>
    <subfield code="a">BNPHU</subfield>
    <subfield code="b">BNPHU</subfield>
    <subfield code="c">CT</subfield>
    <subfield code="d">2013-09-13</subfield>
    <subfield code="e">Donado por la familia Reyes Duluc</subfield>
    <subfield code="o">346.72930135  R426c, 1994</subfield>
    <subfield code="p">2022-3924</subfield>
    <subfield code="r">2022-09-13</subfield>
    <subfield code="w">2022-09-13</subfield>
    <subfield code="y">LBS1</subfield>
  </datafield>
  <datafield tag="952" ind1=" " ind2=" ">
    <subfield code="0">0</subfield>
    <subfield code="1">0</subfield>
    <subfield code="2">ddc</subfield>
    <subfield code="5">1</subfield>
    <subfield code="7">0</subfield>
    <subfield code="8">PD</subfield>
    <subfield code="a">BNPHU</subfield>
    <subfield code="b">BNPHU</subfield>
    <subfield code="c">CT</subfield>
    <subfield code="d">2013-09-13</subfield>
    <subfield code="e">Donado por la familia Reyes Duluc</subfield>
    <subfield code="o">346.72930135  R426c, 1994</subfield>
    <subfield code="p">2022-3925</subfield>
    <subfield code="r">2022-09-13</subfield>
    <subfield code="t">e.2</subfield>
    <subfield code="w">2022-09-13</subfield>
    <subfield code="y">LBS1</subfield>
  </datafield>
  <datafield tag="999" ind1=" " ind2=" ">
    <subfield code="c">52385</subfield>
    <subfield code="d">52385</subfield>
  </datafield>
</record>
